000 00650nam a2200253Ia 4500
003 OSt
005 20220918193231.0
006 a|||||r|||| 00| 0
007 ta
008 220917b |||||||| |||| 00| 0 eng d
024 _a72,377
037 _cTextual
040 _aARTS
_cARTS
_beng
041 _2eng
_aeng
082 _aR4, M1
100 _aCooper neil
_981305
245 0 _aDiversity of moral thinking
260 _aCooper
_bNeil
_c1981
300 _aviii,303p.
_ccm.
490 _aClarendonm Library of logic and philosophy
650 _aETHICS
942 _hR4, M1
_cTEXL
_2CC
999 _c198368
_d198368